logo

Bir Sreshtho Munshi Abdur Rouf Library
Jhenaidah Cadet College

Simon & Schuster handbook for writers / (Record no. 14082)

MARC details
000 -LEADER
fixed length control field 00884nam a2200289 a 4500
001 - CONTROL NUMBER
JCCL Control Number 14082
003 - CONTROL NUMBER IDENTIFIER
JCCL marc code BD-JhCC
005 - DATE AND TIME OF LATEST TRANSACTION
control field 20240919115855.0
008 - FIXED-LENGTH DATA ELEMENTS--GENERAL INFORMATION
fixed length control field 970524s1996 njua bf 001 0 eng
020 ## - INTERNATIONAL STANDARD BOOK NUMBER
International Standard Book Number 013199387
035 ## - SYSTEM CONTROL NUMBER
system control number (BD-JhCC)14082
040 ## - CATALOGING SOURCE
Original cataloging agency DLC
Transcribing agency DLC
Modifying agency BD-JhCC
041 ## - LANGUAGE CODE
Language code of Book english
050 00 - LIBRARY OF CONGRESS CALL NUMBER
Classification number PE1404
Item number .S836 1996
082 00 - DEWEY DECIMAL CLASSIFICATION NUMBER
Classification number 808.04207
DDC Edition number 21
Author mark and Year TRO 2007
100 ## - MAIN ENTRY--PERSONAL NAME
Personal name Troyka, Lynn Quitman
245 00 - TITLE STATEMENT
Title Simon & Schuster handbook for writers /
Statement of responsibility, etc Lynn Quitman Troyka,Douglas Hesse.
250 ## - EDITION STATEMENT
Edition statement 4th ed.
260 ## - PUBLICATION, DISTRIBUTION, ETC. (IMPRINT)
Place of publication, distribution, etc Upper Saddle River, N.J. :
Name of publisher, distributor, etc Prentice Hall,
Date of publication, distribution, etc 2007.
300 ## - PHYSICAL DESCRIPTION
Pagination i-v, 554 p. :
Other physical details ill. ;
Dimensions 22 cm.
650 #0 - SUBJECT ADDED ENTRY--TOPICAL TERM
Topical term or geographic name as entry element English language
General subdivision Rhetoric
-- Study and teaching.
650 #0 - SUBJECT ADDED ENTRY--TOPICAL TERM
Topical term or geographic name as entry element English language
General subdivision Grammar
-- Study and teaching.
650 #0 - SUBJECT ADDED ENTRY--TOPICAL TERM
Topical term or geographic name as entry element Report writing
General subdivision Study and teaching.
700 1# - ADDED ENTRY--PERSONAL NAME
Personal name Hesse,Douglas
942 ## - ADDED ENTRY ELEMENTS (KOHA)
Source of classification or shelving scheme Dewey Decimal Classification
Koha item type Books
Holdings
Source of classification or shelving scheme Damaged status Not for loan Home library Current library Shelving location Date of accession Source of acquisition Cost, normal purchase price Total Checkouts Full call number Barcode Date last seen Date checked out Copy number Method of acquisition Koha item type Currency
Dewey Decimal Classification     JCC Rouf Library JCC Rouf Library General Stacks 09/19/2024 With the Compliments Of Shahriar Imtiaz Rahman 27/1483/K 1699.00 1 808.04207 TRO 2007 19705 10/23/2024 09/25/2024 C-1 Gift/Donation Books BDT

JCC Library | Contacts | JCC Home

Last Update on 23 September 2017
Copyright @ 2017-2020 JCC Rouf Library
Rouf Library, Jhenidah Cadet College (JCC), Bangladesh